Mutiara kisah-kisah dalam Alquran / (Record no. 885)
[ view plain ]
| 000 -LEADER | |
|---|---|
| fixed length control field | nam a22 a 4500 |
| 003 - CONTROL NUMBER IDENTIFIER | |
| control field | AKMAL |
| 005 - DATE AND TIME OF LATEST TRANSACTION | |
| control field | 20170505162814.0 |
| 008 - FIXED-LENGTH DATA ELEMENTS--GENERAL INFORMATION | |
| fixed length control field | 170505 1988 my 000 may d |
| 020 ## - INTERNATIONAL STANDARD BOOK NUMBER | |
| International Standard Book Number | 9836100164 |
| 040 ## - CATALOGING SOURCE | |
| Original cataloging agency | AKMAL |
| 082 04 - DEWEY DECIMAL CLASSIFICATION NUMBER | |
| Classification number | 297.1228 MUH |
| 090 ## - LOCALLY ASSIGNED LC-TYPE CALL NUMBER (OCLC); LOCAL CALL NUMBER (RLIN) | |
| Classification number (OCLC) (R) ; Classification number, CALL (RLIN) (NR) | 297.1228 |
| Local cutter number (OCLC) ; Book number/undivided call number, CALL (RLIN) | MUH |
| 100 1# - MAIN ENTRY--PERSONAL NAME | |
| Personal name | Maula Beik, Muhammad Ahmad Jadul |
| 9 (RLIN) | 1887 |
| 245 10 - TITLE STATEMENT | |
| Title | Mutiara kisah-kisah dalam Alquran / |
| Statement of responsibility, etc. | Muhammad Ahmad Jadul Maula Beik A ; disusun dan terjemahan oleh Yunus Ali Almudhar |
| 260 ## - PUBLICATION, DISTRIBUTION, ETC. | |
| Place of publication, distribution, etc. | Klang : |
| Name of publisher, distributor, etc. | Klang Book Centre, |
| Date of publication, distribution, etc. | 1988 |
| 300 00 - PHYSICAL DESCRIPTION | |
| Extent | 389ms. ; |
| Dimensions | 22cm |
| 500 ## - GENERAL NOTE | |
| General note | Terjemahan dari Al-Qashashul Al-Quran |
| 505 0# - FORMATTED CONTENTS NOTE | |
| Formatted contents note | Mengandungi ayat-ayat dari Quran |
| 650 ## - SUBJECT ADDED ENTRY--TOPICAL TERM | |
| Topical term or geographic name entry element | Koran stories, Malay |
| 9 (RLIN) | 1888 |
| 650 ## - SUBJECT ADDED ENTRY--TOPICAL TERM | |
| Topical term or geographic name entry element | Islamic stories, Malay |
| 9 (RLIN) | 1556 |
| 700 1# - ADDED ENTRY--PERSONAL NAME | |
| Personal name | Almudhar, Yunus Ali |
| 9 (RLIN) | 1889 |
| 942 ## - ADDED ENTRY ELEMENTS (KOHA) | |
| Source of classification or shelving scheme | |
| Koha item type | Book |
| Withdrawn status | Lost status | Source of classification or shelving scheme | Damaged status | Not for loan | Collection code | Home library | Current library | Shelving location | Date acquired | Inventory number | Total Checkouts | Full call number | Barcode | Date last seen | Price effective from | Koha item type |
|---|---|---|---|---|---|---|---|---|---|---|---|---|---|---|---|---|
| NON-FICTION | AKMAL Melaka | AKMAL Melaka | PINJAMAN | 05.05.2017 | 200128 | 297.1228 MUH | 201701904 | 05.05.2017 | 05.05.2017 | Book |
